Datum a čas kvízu
27
Celkem bodů
Celkový počet nahraných bodů na tomto kvízu bez doplňovacích otázek.
6.
Pořadí na kvízu
Konečné umístění týmu na tomto kvízu.
Zaznamenané odpovědi
| # | Otázka | Odpověď | Body | Výsledky |
|---|---|---|---|---|
| 1. | Sociální sítě zaplavily vtípky... | Emma Smetana | 1 | |
| 2. | O víkendu došlo k teroristický... | na Srí Lance | 1 | |
| 3. | Na konci dubna začne režisér D... | Martha Issová | 0 | |
| 4. | Známé francouzské herní studio... | Ubisoft | 1 | |
| 5. | Záložník fotbalové Slavie si v... | Petr Ševčík | 1 | |
| 6. | V pondělí v podvečer zachvátil... | svatý Ludvík (Louis) | 1 | |
| 7. | Největší a nejznámější knihovn... | Alexandrie | 0 | |
| 8. | Tato budova dnes slouží jako p... | v Japonsku | 0 | |
| 9. | Stavba Národního divadla v Pra... | František Josef I. | 0 | |
| 10. | Tento mrakodrap najdeme na mís... | Freedom Tower (Věž svobody) | 0 |